Former Soviet Union Countries - Sudden Death - Statistics

General Stats
  • This quiz has been taken 1,331 times
  • The average score is 7 of 10
Answers on the Grid
Answers color-coded by a green-red scale on the quiz's grid according to % correct below.
Armenia
Azerbaijan
Belarus
Bhutan
Bosnia and Herzegovina
Cambodia
China
Cuba
Czechoslovakia
East Germany
Egypt
Estonia
Finland
France
Georgia
Greece
Hungary
Latvia
Moldova
Mongolia
Poland
Romania
Russia
Sweden
Tajikistan
Turkey
Turkmenistan
Vietnam
West Germany
Yugoslavia
 
Answer Stats
Answer % Correct
Belarus
86%
Azerbaijan
82%
Armenia
80%
Estonia
63%
Latvia
61%
Russia
60%
Georgia
59%
Tajikistan
57%
Moldova
55%
Turkmenistan
55%
No matching quizzes found
Score Distribution
Percent of People with Each Score
Percentile by Number Answered
Your Score History
You have not taken this quiz